000 00508nam a2200181Ia 4500
999 _c21060
_d21060
003 OSt
005 20200213132405.0
008 190216s9999||||xx |||||||||||||| ||und||
020 _a9788126411733
040 _coclc
082 _a915
_bMAN/B
100 _aMannarassala, Suresh
_91959
245 0 _aBharathathile Mahanadikal /
_cSuresh Mannarassala
260 _bCurrent Books,
_aKottayam:
_c2006.
300 _a95p
650 _xHistory
942 _cBK
_2ddc
_h915
_iMAN/B
_k915
_mMAN/B